Biggest Cities in The Uttar Pradesh - Statistics

General Stats
  • This quiz has been taken 35 times
  • The average score is 7 of 10
Answer Stats
Population City % Correct
2,901,475 Lucknow
96%
2,767,031 Kanpur
92%
1,117,094 Allahabad
84%
1,746,467 Agra
76%
1,309,023 Meerut
76%
1,201,815 Varanasi
76%
898,167 Bareilly
68%
2,381,452 Ghaziabad
64%
1,274,408 Aligarh
52%
889,810 Moradabad
44%
No matching quizzes found
Score Distribution
Percent of People with Each Score
Percentile by Number Answered
Your Score History
You have not taken this quiz